devine les spécialités des départements - Statistiques

Statistiques générales
  • Ce quiz a été pris 47 fois
  • Le résultat moyen est 41 sur 89
Statistiques - réponses
Spécialité 1 Spécialité 2 Answers % Correct
Saucisse de Toulouse Violettes de Toulouse Haute-Garonne
83%
macaron jambon-beurre Paris
81%
Calissons d'Aix Bouillabaisse Bouches-du-Rhône
78%
Maroilles Potjevlesch Nord
78%
Flammeküeche Choucroute Bas-Rhin
75%
Tripes cuisinées à la mode de Caen Trou Normand Calvados
75%
L'Epoisse Moutarde Côte-d'Or
75%
Kouign Amann Far breton Finistère
75%
Montmélian Fondue savoyarde Savoie
72%
fromage de Munste Bretzels Haut-Rhin
69%
Tourtière Pruneaux d'Agen Lot-et-Garonne
69%
Andouille de Guéméné Galettes bretonnes Morbihan
69%
Garbure Gâteau basque Pyrénées-Atlantiques
69%
Jasnières Rillettes du Mans Sarthe
69%
Saint-Emilion Cannelés Gironde
67%
Gâteau nantais Bouilleture d'anguille Loire-Atlantique
67%
Pain aux noix Salade du Perigord Dordogne
64%
tartiflette crozets Haute-Savoie
64%
Pâté Bourbonnais Pastilles vichy Allier
61%
vin jaune comté Jura
61%
Selles du Cher Tarte Tatin Loir-et-Cher
61%
Croquignols Champagne Marne
61%
mirabelle Quiche Lorraine Moselle
61%
Gâteau Battu Ficelle Picarde Somme
61%
Vacherin Saucisses de Montbéliard Doubs
58%
cari poulet rougail saucisses La Réunion
58%
Broyé du Poitou Farci poitevin Vienne
58%
Salers potée auvergnate Cantal
56%
Cornuelles cognac Charente
56%
Saint Marcellin gratin dauphinois Isère
56%
Fourme de Montbrison Râpée Stéphanoise Loire
56%
Carbonade Flamande Welsh Rarebit Pas-de-Calais
56%
Crème catalane Rousquille Pyrénées-Orientales
56%
le confit de rose de Provin Fromage de Brie Seine-et-Marne
56%
vignoble du Bugey Bleu de Bresse Ain
53%
figatellu Finughjetti Corse-du-Sud
53%
Le féroce d'avocat colombo Martinique
53%
Escargot Boeuf Bourgignon Saône-et-Loire
53%
galette saucisse. Craquelin Ille-et-Vilaine
50%
M'tsolola Bata-Bata Mayotte
50%
Ratatouille Pain Bagnat Alpes-Maritimes
47%
Les Ravioles de Royans Nougat Drôme
47%
lentilles Verveine du Velay Haute-Loire
47%
Brillat-savari Champagne Haute-Marne
47%
Petit pâté de Pezenas Tielle sétoise Hérault
47%
Confit de canard Liqueur d'Armagnac Landes
47%
Pompe aux pommes Saint Nectaire Puy-de-Dôme
47%
Préfou Brioche et gâche Vendée
47%
bokit colombo Guadeloupe
44%
Huitres Boudin blanc de l'Avranchin Manche
44%
flan savary crème chantilly Oise
44%
Vins du Beaujolais Blanquette de veau Rhône
44%
chouquettes peches de Montreuil Seine-Saint-Denis
44%
cerise de Montmorency crème Chantilly Val-d'Oise
44%
sablés de Saint-Rémy-lès-Chevreus le pain d'épices de Mézières-en-Brie Yvelines
44%
Cotignac Pithiviers Loiret
42%
Gavottes Coquilles saint jacques Côtes-d'Armor
39%
madeleines de Commercy dragée Meuse
39%
Saucissons secs Vins de Gaillac Tarn
39%
Moules de bouchots Jonchée Charente-Maritime
36%
la fraise parisienne La soupe cressonnièr Essonne
36%
Caprice des Ursuline Livarot Eure
36%
les gnocchis à la parisienne Soupe à l'oignon Hauts-de-Seine
36%
la prunelle andouilette Aube
33%
lonzu lonzu Storzapret Haute-Corse
33%
Cancoillotte Jambon de Luxeuil Haute-Saône
33%
Rillons Sainte Maure Indre-et-Loire
33%
Forestines Crottins de Chavignol Cher
31%
Tavel Gardiane Gard
31%
Vins du vignoble de Reuilly Valencay Indre
31%
cancoillotte Epaule du Ballon Territoire de Belfort
31%
Rocroi boudin blanc Ardennes
28%
Le boucanage Le bouillon d'awara Guyane
28%
cointreaux Quernons d'ardoise Maine-et-Loire
28%
Pouilly fumé Miel Nièvre
28%
petit Suisse Neufchâtel Seine-Maritime
25%
La belle de Fontenay gâteau « Baltard Val-de-Marne
25%
Saint-Florentin Gougère Yonne
25%
vignoble de Saint Joseph Picodon Ardèche
19%
Bourdaine Fromage de Port Salut Mayenne
19%
Soupe au Pistou Tarte Polonaise Var
19%
Caghuse Rissoles de Sires de Coucy Aisne
17%
Chaource Andouillettes à l'oignon Aude
17%
Brouère Andouille du Val d'Ajol Vosges
17%
Baba au Rhum Bouchée à la Reine Meurthe-et-Moselle
14%
Chabichou Chabi Deux-Sèvres
11%
Mentchikoffs Cochelin Eure-et-Loir
11%
Petits Ventres Millassou Haute-Vienne
8%
Soupe à l'ail Berlingos Vaucluse
8%
Aucun quiz correspondant
Distribution des résultats
% des personnes avec chaque résultat
Percentile par nombre de réponses
Votre historique - résultats
Vous n’avez pas pris ce quiz